Larousse agricole

Đã lưu trong:
書目詳細資料
主要作者: Raymond Bacconnier
格式: 圖書
語言:Undetermined
出版: Paris Larousse 1952
主題:
標簽: 添加標簽
沒有標簽, 成為第一個標記此記錄!
Thư viện lưu trữ: Trung tâm Học liệu Trường Đại học Cần Thơ
LEADER 00470nam a2200181Ia 4500
001 CTU_26587
008 210402s9999 xx 000 0 und d
082 |a 630.3 
082 |b B796 
100 |a Raymond Bacconnier 
245 0 |a Larousse agricole 
245 0 |c Raymond Bacconnier 
260 |a Paris 
260 |b Larousse 
260 |c 1952 
650 |a agriculture - terminology 
904 |i Minh, 981014 
980 |a Trung tâm Học liệu Trường Đại học Cần Thơ